000 01400nam0a22003371 4500
001 rc\1954245
005 20260407121951.0
035 _a(NLR Aleph) 005284612
090 _a6131701
_c6131701
100 _a20080428d1913 |||y0rusy50 ca
101 0 _arus
102 _aRU
105 _ay z |||||
135 _acrgn 008apada
200 1 _aПолевой устав для унтер-офицера
210 _aСаратов
_cтипография Союза печатного дела
_d1913
215 _a71 с.
_d23
309 _aБез тит. л.
325 _aКопия доступна в Электрон. б-ке РНБ http://vivaldi.nlr.ru/bx000070293/view
500 1 0 _6z01710
_aУстав полевой службы
740 1 _aРоссия
_tВоенные уставы и наставления
_3RU\NLR\AUTH\889957977
_9412039
801 0 _aRU
_bNLR
_c20080428
_gpsbo
801 0 _aRU
_bRuMoRGB
_c20080428
_2psbo
801 1 _aRU
_bProSoft-M
_c20080428
_2rusmarc
801 2 _aRU
_bNLR
_c20130325
_2rusmarc
852 _aNLR
_j20.44.9.720
942 _cBOOK
980 _aNB
981 2 2 _a(22) Материалы по истории России
_b(22) История России до 25 октября (7 ноября) 1917 года
981 2 2 _a(22) Материалы по истории России
_b(22) Военное дело